000 01015nam a2200313 i 4500
003 EG-GICUC
005 20260425190217.0
008 260419s1908 enk||||fr|||| 00| 0 eng d
040 _aEG-GiCUC
_beng
_cEG-GiCUC
_dEG-GiCUC
_erda
041 0 _aeng
082 0 4 _221
_a343.384
_bBO . C
092 0 4 _221
099 _aLaw1 10 343.384 BO . C 1908
100 1 _aBoulton, A. C. Forster
_eAuthor.
245 1 0 _aCriminal Appeals under the Criminal Appeal Act of 1907 :
_bwith rules of court and forms /
_c by A.C. Forster Boulton
264 1 _aLondon :
_bButterworth & Co,
_c1908.
300 _a115 pages ;
_c24 cm
336 _2rda content
_atext
337 _2rda media
_aComputer
338 _2rda carrier
_aOnline Resource
500 _aIncludes bibliographical references and index.
504 _a
546 _aText in English
650 1 4 _aCriminal appeals
_2qrmak
651 1 _2qrmak
856 4 0 _uhttps://fll.law.cu.edu.eg/fulltext/bks/B10-08620.pdf
905 _a74
942 _2ddc
_n0
_cBK
_e21
999 _c72041
_d72041